| 000 | 00482nam a2200181Ia 4500 | ||
|---|---|---|---|
| 005 | 20250326125459.0 | ||
| 008 | 250326s9999 xx 000 0 und d | ||
| 037 | _aTextbook | ||
| 040 |
_aFMSL _beng _cFMSL |
||
| 041 |
_aeng _2eng |
||
| 084 |
_aX9W:Z K4 _qFMSL |
||
| 100 |
_aKishore K _9151800 |
||
| 245 | 0 |
_aCompany law and secretarial practice _cKishore K |
|
| 260 |
_aNY _bNY, Asia _c1964 |
||
| 300 | _a749p | ||
| 942 |
_cTB _hX9W:Z K4 |
||
| 999 |
_c1278255 _d1278255 |
||